The Art and Science of Personalising Care with Older People with Diabetes

This unique book is intended for all health professionals caring for older people with diabetes such as specialist and general nurses, doctors, primary care practioners and dieteticians. Although there is an increasing body of work about personalised care, no publications were identified that encomp...

Full description

Bibliographic Details
Corporate Author: SpringerLink (Online service)
Other Authors: Dunning, Trisha (Editor, http://id.loc.gov/vocabulary/relators/edt)
Format: Electronic eBook
Language:English
Published: Cham : Springer International Publishing : Imprint: Springer, 2018.
Edition:1st ed. 2018.
Subjects:
Online Access:Full Text via HEAL-Link
LEADER 03636nam a2200541 4500
001 978-3-319-74360-8
003 DE-He213
005 20191024091651.0
007 cr nn 008mamaa
008 180806s2018 gw | s |||| 0|eng d
020 |a 9783319743608  |9 978-3-319-74360-8 
024 7 |a 10.1007/978-3-319-74360-8  |2 doi 
040 |d GrThAP 
050 4 |a RT1-120 
072 7 |a MQC  |2 bicssc 
072 7 |a MED058000  |2 bisacsh 
072 7 |a MQC  |2 thema 
082 0 4 |a 610.73  |2 23 
245 1 4 |a The Art and Science of Personalising Care with Older People with Diabetes  |h [electronic resource] /  |c edited by Trisha Dunning. 
250 |a 1st ed. 2018. 
264 1 |a Cham :  |b Springer International Publishing :  |b Imprint: Springer,  |c 2018. 
300 |a XIII, 187 p. 8 illus. in color.  |b online resource. 
336 |a text  |b txt  |2 rdacontent 
337 |a computer  |b c  |2 rdamedia 
338 |a online resource  |b cr  |2 rdacarrier 
347 |a text file  |b PDF  |2 rda 
520 |a This unique book is intended for all health professionals caring for older people with diabetes such as specialist and general nurses, doctors, primary care practioners and dieteticians. Although there is an increasing body of work about personalised care, no publications were identified that encompass the focus and scope of the proposed book. The global population is ageing and increasing age is a key risk factor for diabetes. Older people with diabetes are often vulnerable, have complex care needs and often have cognitive changes, which makes personalising care challenging for health professionals. Thus, this is an internationally relevant book filling a gap in the current literature.  This is a practical and updated book that will use an engaging and easy to read narrative style. It challenges readers to reflect in and on their practice. It encompasses people with diabetes' and authors' stories, which are known to have a special interest to readers, make it easier to apply the information to practice, enhance learning, and hence the relevance and value of the book. It is relevant to advocacy organisations as well as managers and service planners. Researchers and scientists may find relevant information on grant and ethics applications, research protocols, plain language statements for potential participants and operationalising research protocols. 
650 0 |a Nursing. 
650 0 |a Diabetes. 
650 0 |a Geriatrics. 
650 0 |a Primary care (Medicine). 
650 0 |a Clinical nutrition. 
650 0 |a Health promotion. 
650 1 4 |a Nursing.  |0 http://scigraph.springernature.com/things/product-market-codes/H41005 
650 2 4 |a Diabetes.  |0 http://scigraph.springernature.com/things/product-market-codes/H33045 
650 2 4 |a Geriatrics/Gerontology.  |0 http://scigraph.springernature.com/things/product-market-codes/H33150 
650 2 4 |a Primary Care Medicine.  |0 http://scigraph.springernature.com/things/product-market-codes/H51000 
650 2 4 |a Clinical Nutrition.  |0 http://scigraph.springernature.com/things/product-market-codes/H33140 
650 2 4 |a Health Promotion and Disease Prevention.  |0 http://scigraph.springernature.com/things/product-market-codes/H27010 
700 1 |a Dunning, Trisha.  |e editor.  |4 edt  |4 http://id.loc.gov/vocabulary/relators/edt 
710 2 |a SpringerLink (Online service) 
773 0 |t Springer eBooks 
776 0 8 |i Printed edition:  |z 9783319743592 
776 0 8 |i Printed edition:  |z 9783319743615 
776 0 8 |i Printed edition:  |z 9783030089726 
856 4 0 |u https://doi.org/10.1007/978-3-319-74360-8  |z Full Text via HEAL-Link 
912 |a ZDB-2-SME 
950 |a Medicine (Springer-11650)